Process Heat Transfer (Record no. 589926)

000 -LEADER
fixed length control field 00341nam a22001337a 4500
020 ## - INTERNATIONAL STANDARD BOOK NUMBER
International Standard Book Number 9780074632178
040 ## - CATALOGING SOURCE
Transcribing agency NUST
082 ## - DEWEY DECIMAL CLASSIFICATION NUMBER
Classification number 621.4022 KER
100 ## - MAIN ENTRY--PERSONAL NAME
Personal name Kern, Donald Q.
9 (RLIN) 63725
245 ## - TITLE STATEMENT
Title Process Heat Transfer
260 ## - PUBLICATION, DISTRIBUTION, ETC.
Place of publication, distribution, etc. New Delhi:
Name of publisher, distributor, etc. McGraw Hill Education,
Date of publication, distribution, etc. 2015.
650 ## - SUBJECT ADDED ENTRY--TOPICAL TERM
Topical term or geographic name entry element PROCESS HEAT TRANSFER
9 (RLIN) 91803
942 ## - ADDED ENTRY ELEMENTS (KOHA)
Source of classification or shelving scheme
Koha item type Book
Holdings
Withdrawn status Lost status Source of classification or shelving scheme Damaged status Not for loan Permanent Location Current Location Shelving location Date acquired Total Checkouts Full call number Barcode Date last seen Price effective from Koha item type
          College of Electrical & Mechanical Engineering (CEME) College of Electrical & Mechanical Engineering (CEME) General Stacks 05/24/2022   621.4022 KER CEME-48007 05/24/2022 05/24/2022 Book
© 2023 Central Library, National University of Sciences and Technology. All Rights Reserved.